Инновации в мотивации персонала; Информационные технологии в науке, управлении, социальной сфере и медицине; Ч. 2
| Parent link: | Информационные технологии в науке, управлении, социальной сфере и медицине: сборник научных трудов Международной конференции с международным участием , 29 апреля - 2 мая 2014 г., Томск/ Национальный исследовательский Томский политехнический университет (ТПУ).— , 2014 Ч. 2.— 2014.— [С. 255-257] |
|---|---|
| Yazar: | |
| Özet: | Заглавие с титульного экрана The article is devoted to the innovations in staff motivation. The author explains what is motivation and how to use information technologies made the groundbreaking innovations. |
| Dil: | Rusça |
| Baskı/Yayın Bilgisi: |
2014
|
| Seri Bilgileri: | Информационные технологии в управлении персоналом |
| Konular: | |
| Online Erişim: | http://www.lib.tpu.ru/fulltext/c/2014/C24/V2/096.pdf |
| Materyal Türü: | MixedMaterials Elektronik Kitap Bölümü |
| KOHA link: | https://koha.lib.tpu.ru/cgi-bin/koha/opac-detail.pl?biblionumber=608144 |
MARC
| LEADER | 00000naa2a2200000 4500 | ||
|---|---|---|---|
| 001 | 608144 | ||
| 005 | 20260317163733.0 | ||
| 035 | |a (RuTPU)RU\TPU\conf\5574 | ||
| 035 | |a RU\TPU\conf\5573 | ||
| 090 | |a 608144 | ||
| 100 | |a 20140917d2014 k y0rusy50 ca | ||
| 101 | 0 | |a rus | |
| 102 | |a RU | ||
| 135 | |a drgn ---uucaa | ||
| 181 | 0 | |a i | |
| 182 | 0 | |a b | |
| 200 | 1 | |a Инновации в мотивации персонала |d Innovations in staff motivation |f Т. А. Крымова | |
| 203 | |a Текст |c электронный | ||
| 225 | 1 | |a Информационные технологии в управлении персоналом | |
| 300 | |a Заглавие с титульного экрана | ||
| 320 | |a [Библиогр.: с. 257 (3 назв.)] | ||
| 330 | |a The article is devoted to the innovations in staff motivation. The author explains what is motivation and how to use information technologies made the groundbreaking innovations. | ||
| 337 | |a Adobe Reader | ||
| 461 | 1 | |0 (RuTPU)RU\TPU\conf\4263 |t Информационные технологии в науке, управлении, социальной сфере и медицине |o сборник научных трудов Международной конференции с международным участием , 29 апреля - 2 мая 2014 г., Томск |o в 2 ч. |f Национальный исследовательский Томский политехнический университет (ТПУ) |d 2014 | |
| 463 | 1 | |0 (RuTPU)RU\TPU\conf\4265 |t Ч. 2 |v [С. 255-257] |d 2014 | |
| 510 | 1 | |a Innovations in staff motivation |z eng | |
| 610 | 1 | |a труды учёных ТПУ | |
| 610 | 1 | |a электронные ресурсы | |
| 610 | 1 | |a инновации | |
| 610 | 1 | |a мотивация | |
| 610 | 1 | |a персонал | |
| 610 | 1 | |a информационные технологии | |
| 610 | 1 | |a трудовые ресурсы | |
| 700 | 1 | |a Крымова |b Т. А. | |
| 801 | 2 | |a RU |b 63413507 |c 20140917 |g RCR | |
| 856 | 4 | |u http://www.lib.tpu.ru/fulltext/c/2014/C24/V2/096.pdf | |
| 942 | |c BK | ||